Top 10 Songs by Dokken - Statistics

General Stats
  • This quiz has been taken 3 times
  • The average score is 5 of 10
Answer Stats
Hint Answer % Correct
1 Breaking the Chains
100%
2 Alone Again
67%
9 It's Not Love
67%
6 Unchain the Night
67%
4 Dream Warriors
33%
3 In My Dreams
33%
5 Into the Fire
33%
7 The Hunter
33%
10 Tooth and Nail
33%
8 Burning Like a Flame
0%
No matching quizzes found
Score Distribution
Percent of People with Each Score
Percentile by Number Answered
Your Score History
You have not taken this quiz